| 000 | 00394nam a2200181Ia 4500 | ||
|---|---|---|---|
| 008 | 221030s9999 xx 000 0 und d | ||
| 020 | _a0074600818 | ||
| 041 | _aEnglish | ||
| 082 |
_a105.23 _bRich |
||
| 100 | _aE. Rich | ||
| 245 | 0 | _aArtificial Intelligence | |
| 250 | _a2nd | ||
| 260 |
_bTMH _aNew Delhi _c2006 |
||
| 300 | _a621 | ||
| 650 | _aComputers | ||
| 700 | _aK. Knight | ||
| 942 | _cBK | ||
| 999 |
_c90 _d90 |
||